| 000 | 00445nam a2200157Ia 4500 | ||
|---|---|---|---|
| 008 | 210716s1985 xx 000 0 und d | ||
| 020 | _a0155188410 | ||
| 041 | _aeng | ||
| 082 | _a330 BAUW | ||
| 100 | _aBaumol, William J;Blinder, Alan S. | ||
| 245 |
_aEconomics: principles and policy. _bPrinciples and policy. |
||
| 250 | _a3 | ||
| 260 |
_aNew York _bHarcourt brace jovanovich inc _c1985 |
||
| 300 | _axxxii,875 | ||
| 650 | _aEconomics(330) | ||
| 999 |
_c202238 _d202238 |
||